Loading...
THE SUBHASITA-SAMGRAHA-S AS TREASURIES OF CANAKYAS SAYINGS
| Main Author: | |
|---|---|
| Format: | Printed Book |
| Published: |
HOSHIARPUR
VISHVESHVARANAND
1966
|
| Subjects: |
| LEADER | 00540nam a2200169 4500 | ||
|---|---|---|---|
| 020 | |||
| 082 | |a 930.1 STE | ||
| 100 | |a STERNBACH,LUDWIK | ||
| 245 | |a THE SUBHASITA-SAMGRAHA-S AS TREASURIES OF CANAKYAS SAYINGS |h English | ||
| 250 | |||
| 260 | |a HOSHIARPUR |b VISHVESHVARANAND |c 1966 | ||
| 300 | |a 187 p |f HB | ||
| 650 | |a THE SUBHASITA-SAMGRAHA-S AS TREASURIES OF CANAKYAS SAYINGS | ||
| 700 | |||
| 942 | |c TB | ||
| 999 | |c 149202 |d 149202 | ||
| 952 | |0 0 |1 0 |4 0 |6 930_100000000000000_STE |7 0 |9 162662 |a ORI |b ORI |l 0 |o 930.1 STE |p ORI736/E |r 2019-10-25 |w 2019-10-25 |y TB | ||